ბათუმის შოთა რუსთაველის სახელმწიფო უნივერსიტეტის ბიბლიოთეკა

Health Promotion for People with Intellectual and Developmental Disabilities / (ბიბ.ჩანაწერი № 57866)

000 -LEADER
fixed length control field 01075nam a22002057a 4500
005 - DATE AND TIME OF LATEST TRANSACTION
control field 20221107121836.0
008 - FIXED-LENGTH DATA ELEMENTS--GENERAL INFORMATION
fixed length control field 210319s2014 enk||||| |||| 00| 0 eng d
020 ## - INTERNATIONAL STANDARD BOOK NUMBER
International Standard Book Number 9780335246946 X
041 ## - LANGUAGE CODE
Language code of text/sound track or separate title eng
080 ## - UNIVERSAL DECIMAL CLASSIFICATION NUMBER
Universal Decimal Classification number 376.2+61 H-40
245 ## - TITLE STATEMENT
Title Health Promotion for People with Intellectual and Developmental Disabilities /
Statement of responsibility, etc. Edited by Laurence Taggart, Wendy Cousins.
264 ## - PRODUCTION, PUBLICATION, DISTRIBUTION, MANUFACTURE, AND COPYRIGHT NOTICE
Place of production, publication, distribution, manufacture London :
Name of producer, publisher, distributor, manufacturer Open University Press,
Date of production, publication, distribution, manufacture, or copyright notice 2014.
300 ## - PHYSICAL DESCRIPTION
Extent 229 p.
Other physical details 24 cm.
653 ## - INDEX TERM--UNCONTROLLED
keyword ჯანმრთელობის ხელშეწყობა ინტელექტუალური და განვითარების შეზღუდული შესაძლებლობის მქონე პირთათვის
653 ## - INDEX TERM--UNCONTROLLED
keyword მედიცინა
653 ## - INDEX TERM--UNCONTROLLED
keyword პირთა სპეციალური ჯგუფების განათლება, სწავლება
700 ## - ADDED ENTRY--PERSONAL NAME
Personal name Taggart, Laurence
Relator term რედაქტორი
9 (RLIN) 10583
700 ## - ADDED ENTRY--PERSONAL NAME
Personal name Cousins, Wendy
Relator term რედაქტორი
9 (RLIN) 10584
942 ## - ADDED ENTRY ELEMENTS (KOHA)
Source of classification or shelving scheme
Koha item type წიგნი
ეგზემპლარები
Withdrawn status Lost status Source of classification or shelving scheme Damaged status Not for loan Permanent Location Current Location Shelving location Date acquired Cost, normal purchase price Full call number Barcode Date last seen Copy number Price effective from Koha item type Public note
          ბათუმის შოთა რუსთაველის სახელმწიფო უნივერსიტეტის მთავარი ბიბლიოთეკა ბათუმის შოთა რუსთაველის სახელმწიფო უნივერსიტეტის მთავარი ბიბლიოთეკა წიგნსაცავი 2021-03-19 168.00 376.2+61 H-40 61251 2021-03-19 61251 2021-03-19 წიგნი 168 ლ.